Hunger Games - quand cette règle a-t-elle été introduite ? - Statistiques

Statistiques générales
  • Ce quiz a été pris 28 fois
  • Le résultat moyen est 11 sur 26
Statistiques - réponses
Hint Réponse % Correct
Les participants ont entre 12 et 18 ans Avant les 10e
74%
Exceptionnellement, il peut y avoir deux vainqueurs Après les 50e
68%
Les Jeux font s'affronter une fille et un garçon de chaque district Avant les 10e
68%
Il n'y a qu'un seul vainqueur Avant les 10e
58%
Les vainqueurs ont un village qui leur est dédié dans leur district Entre les 11e et les 50e
58%
Si un tribut meurt avant le début des Jeux, il est remplacé en secret Entre les 11e et les 50e
58%
Les Jeux sont organisés par un Haut Juge Avant les 10e
47%
À l'entrée dans l'arène, les tributs doivent attendre le signal avant de bouger Avant les 10e
47%
Le district vainqueur reçoit de la nourriture supplémentaire Entre les 11e et les 50e
47%
Les tributs paradent sur des chars dans des costumes représentant leurs districts Entre les 11e et les 50e
47%
Les tributs sont habillés par des stylistes Entre les 11e et les 50e
47%
Une arène différente est créée pour chaque édition Entre les 11e et les 50e
47%
Les tributs peuvent recevoir de la nourriture, payée par leurs sponsors Lors des 10e
47%
Les tributs sont coachés par des mentors Lors des 10e
47%
Chaque tribut reçoit une note supposée refléter ses performances Entre les 11e et les 50e
42%
Tous les 25 ans, les règles sont modifiées, c'est l'édition de l'Expiation Entre les 11e et les 50e
42%
Les tributs trouvent des armes, de la nourriture et des remèdes au centre de l'arène Entre les 11e et les 50e
37%
Les Jeux sont filmés et rediffusés dans tout Panem Avant les 10e
32%
Les tributs sont coachés par les vainqueurs des précédents Jeux Entre les 11e et les 50e
32%
Les citoyens du Capitole peuvent parier sur le vainqueur Lors des 10e
32%
Les tributs sont interviewés avant le début des Jeux Lors des 10e
32%
Le Capitole peut envoyer des mutations génétiques dans l'arène Lors des 10e
32%
Les membres de l'organisation n'ont pas le droit de sponsoriser les tributs Lors des 10e
21%
Lors des Jeux, les tributs sont tous habillés de la même manière, avec un uniforme fourni par le Capitole Après les 50e
16%
Les tributs montrent leurs talents aux armes en privé devant un jury du Capitole Après les 50e
5%
Les tributs ne sont pas menottés Après les 50e
5%
Aucun quiz correspondant
Distribution des résultats
% des personnes avec chaque résultat
Percentile par nombre de réponses
Votre historique - résultats
Vous n’avez pas pris ce quiz